000 00339nam a2200145Ia 4500
008 230718s9999 xx 000 0 und d
041 _aEng.
082 _a891.93
_bABI-A
100 _aAbid Sulaman
245 0 _aAbdul Kareem Ak shaksh
260 _aPakistan
_bJamhori Publications
_c2017
300 _a394
650 _aLaw
999 _c31578
_d31578